| 000 | 00742 a2200169 4500 | ||
|---|---|---|---|
| 003 | Nust | ||
| 005 | 20230116130440.0 | ||
| 040 | _cNust | ||
| 082 | _a670.42,ZEI | ||
| 100 |
_aZeines, Ben _9103413 |
||
| 245 |
_aPrinciples of industrial electronics / _cBen Zeines, |
||
| 260 |
_aMcGraw-Hill Book Company _bToronto _c1966 |
||
| 300 | _a378 p | ||
| 505 | _aProcess Controls (Page-1), Gaseous Tubes (Page-9), Semiconductor Devices (Page-40), Industrial Electronic Amplifiers (Page-70), Photoelectric Devices (Page-108), Radio-Frequency Heating (Page-149), Electronic Motor Control (Page-195), Servomechanisms (Page-237), Analog Computers (Page-277), Digital Computer Circuits (Page-298). | ||
| 650 | _aIndustrial Electronics | ||
| 942 |
_2ddc _cBK |
||
| 999 |
_c190832 _d190832 |
||